00549nam a2200205Ia 450000500170000000800410001702000180005804100120007608200130008810000220010124500430012325000130016626000380017930000220021765000230023965000140026270000220027670000200029870000250031820260429112231.0260429s9999||||xx |||||||||||||| ||und|| a9781266159244 aEnglish a547bCAR aCarey, Francis A. 0aOrganic chemistry / cFrancis A. Carey a12th ed. aNew York : bMc Graw Hill,c2024. axxx, 1168 p.; pbk a Organic chemistry aChemistry a Allison, Neil T. a Bane, Susan L. a Giuliano, Robert M.